| 000 | 00593nam a22001815i 4500 | ||
|---|---|---|---|
| 001 | 158546 | ||
| 003 | ES-MaACL | ||
| 005 | 20230906211206.0 | ||
| 008 | 040901s1897 fr |||| | fre d | ||
| 040 |
_aCAM _bspa _cCAM |
||
| 100 | 1 |
_aMaizeroy, René. _9129371 |
|
| 245 | 1 | 4 |
_aLes deux femmes de mademoiselle / _cRené Maizeroy. |
| 250 | _aNouvelle éd. | ||
| 260 |
_aParis : _bPaul Ollendorff, éditeur, _c1897 ( _fImp. Ferd. Imbert) |
||
| 300 |
_a348 p. ; _c18 cm. |
||
| 650 | 4 |
_aNovela francesa- _yS.XIX. _9136607 |
|
| 852 |
_aES-MaACL _jC-3535 _z-- Enc. hol., conservando la cub. original |
||
| 999 |
_c158546 _d158546 |
||